| 000 | 02222nam a2200301Ia 4500 | ||
|---|---|---|---|
| 003 | OSt | ||
| 005 | 20210909145504.0 | ||
| 008 | 210310s2004 ck abo gr 000 0 spa d | ||
| 020 | _a9589545068 | ||
| 040 |
_aCO-JMCR _cCO-JMCR |
||
| 041 | 0 | _aspa | |
| 082 | 0 | 4 |
_a338.2 / _bS253i _223 |
| 100 | 1 |
_aSatizábal, Carlos Eduardo, _eautor _928165 |
|
| 245 | 1 | 0 |
_aDiálogo de saberes y cultura minera: _bEl consorcio nueva sociedad región nororiental de Colombia "Consornoc" _cCarlos Eduardo Satizábal; Alonso Ortiz Serrano; Programa de las Naciones Unidas para el Desarrollo.; Colombia. Ministerio de la Protección Social. |
| 260 |
_aBogotá : _bMinisterio de Protección Social _c2004. |
||
| 300 |
_a101 páginas : _bilustraciones, mapas y fotografías en blanco y negro ; _c24 cm. |
||
| 490 | 0 |
_aCuadernos PNUD, MPS ; _v5 |
|
| 504 | _aBibliografía : páginas 99. | ||
| 505 | _aDialogo de saberes y cultura previa. -- Desarrollo local en zonas de conflicto. El consorcio nueva sociedad región nororiental de Colombia. "Consornoc". | ||
| 520 | 0 | _aBasados en el principio según el cual conocer el problema es un paso indispensable para encontrar las mejores soluciones, el Programa de las Naciones Unidas para el Desarrollo y el Ministerio de la Protección Social de Colombia han decidido editar esta serie de Cuadernos, como una publicación que debe aportar al conocimiento de los temas sociales con investigaciones y estudios realizados por colombianos de diversos orígenes, especialidades y regiones. De este modo, el PNUD y el MPS abren un nuevo espacio para el diálogo y el debate público sobre temas que, ya sea desde el estudio especializado o bien desde el relato vivencial, son de importancia para todos los colombianos. | |
| 650 | 1 | 4 |
_aIndustria minera _xAspectos socioeconómicos _zColombia _928167 |
| 650 | 2 | 4 |
_aViolencia _xAspectos sociales _zNorte de Santander (Colombia) _940203 |
| 650 | 2 | 4 |
_aConflicto armado _xAspectos sociales _zNorte de Santander (Colombia) _940204 |
| 700 | 1 |
_aAlonso Ortiz Serrano; _eautor _940205 |
|
| 710 |
_aPrograma de las Naciones Unidas para el Desarrollo. _eautor _93154 |
||
| 710 |
_aColombia. Ministerio de la Protección Social. _eautor _940206 |
||
| 942 |
_2ddc _cBK |
||
| 999 |
_c12413 _d12413 |
||